កុមារជក់ទិព្វ​ : (Record no. 8545)

MARC details
000 -LEADER
fixed length control field 02920nam a22002897a 4500
001 - CONTROL NUMBER
control field 8545
003 - CONTROL NUMBER IDENTIFIER
control field FISKH
005 - DATE AND TIME OF LATEST TRANSACTION
control field 20250919150814.0
008 - FIXED-LENGTH DATA ELEMENTS--GENERAL INFORMATION
fixed length control field 250918b cb ||||| |||| 00| 0 eng d
020 ## - INTERNATIONAL STANDARD BOOK NUMBER
International Standard Book Number 9789996301865
040 ## - CATALOGING SOURCE
Original cataloging agency FISKH
Language of cataloging khr
Transcribing agency FISKH
Modifying agency FISKH
050 ## - LIBRARY OF CONGRESS CALL NUMBER
Classification number PZ7
100 ## - MAIN ENTRY--PERSONAL NAME
Personal name Dawn, Dim
245 ## - TITLE STATEMENT
Title កុមារជក់ទិព្វ​ :
Remainder of title A boy with magic bursh /
Statement of responsibility, etc. និពន្ធដោយលោក ឌឹម ដន
260 ## - PUBLICATION, DISTRIBUTION, ETC.
Place of publication, distribution, etc. Phnom Penh :
Name of publisher, distributor, etc. Reading Books ,
Date of publication, distribution, etc. 2013.
300 ## - PHYSICAL DESCRIPTION
Extent 28 pages :
Other physical details color illustrations ;
Dimensions 25 cm .
505 ## - FORMATTED CONTENTS NOTE
Formatted contents note P <br/>
520 ## - SUMMARY, ETC.
Summary, etc. រឿង កុមារជក់ទិព្វ អ្នកនិពន្ធចង់បង្ហាញអោយប្អូនៗកុមារចេះតស៊ូរនឹងការងារ ទោះមានការគាបសង្កត់ពីសំណាក់អ្នកដទៃក៏ដោយ ។ តួយ៉ាងដូចកុមារជក់ទិព្វ ថ្វីត្បិតតែគេនៅក្មេងមែន តែគេចេះស្រលាញ់ប្រជាជនក្រីក្រដូចជារូបគេដែរ ហើយគេបានជួយដល់អ្នកទាំងនោះទៀតផង ។​​ ប្អូនៗត្រូវដឹងថាទោះបីជាអ្នកជាក្មេងកំព្រាកំសត់ តែការតស៊ូអំណត់គួបផ្សំនឺងសមត្ថភាពរបស់ប្អូន ក៏គង់តែមានអ្នកជួយធ្វើអោយប្អូនៗអាចសម្រេចនូវគោលបំណងរបស់ខ្លួនជាមិនខានឡើយ ។​ ដូច្នះប្អូនៗត្រូវតែព្យាយាមខិតខំរហូតទាល់តែបានទទួលជ័យជំនះទៅលើការរៀនសូត្រ និងទេពកោសល្យរបស់ខ្លួន ។​​​​​​​​​​​​​​​​<br/>
520 ## - SUMMARY, ETC.
Summary, etc. The story " A boy with a magic brush " is written to educate young people on how to struggle and persist against the suppression and suppression and exploitation by other people . An exaample is the case of a boy who with a magic brush , who likes helping the poor like he is even though he is a young boy . It is recommended that being a poor orphan doesn't matter but it is the persistences as you wish. Therefore, you should study hard and never give up until your dream of success becomes a reality .
521 8# - TARGET AUDIENCE NOTE
Target audience note 650 <br/>
Source Lexile estimate <br/>
521 8# - TARGET AUDIENCE NOTE
Target audience note P <br/>
Source Raz-Plus <br/>
650 ## - SUBJECT ADDED ENTRY--TOPICAL TERM
Topical term or geographic name entry element កុមារជក់ទិព្វ
Form subdivision រឿងនិទានកុមារ
650 ## - SUBJECT ADDED ENTRY--TOPICAL TERM
Topical term or geographic name entry element A boy with a magic brush
Form subdivision Children's Stories
700 ## - ADDED ENTRY--PERSONAL NAME
Personal name Sem, Sot
Relator term Illustrator
942 ## - ADDED ENTRY ELEMENTS (KOHA)
Source of classification or shelving scheme Dewey Decimal Classification
Koha item type Khmer Books
Suppress in OPAC No
Holdings
Withdrawn status Lost status Source of classification or shelving scheme Damaged status Not for loan Collection Home library Current library Shelving location Date acquired Total Checkouts Full call number Barcode Date last seen Copy number Price effective from Koha item type Date last checked out
    Dewey Decimal Classification     Khmer-English Bilingual / ភាសាខ្មែរ-អង់គ្លេស Footprints International School Library Network Toul Tom Poung Campus Footprints International School Library Network Toul Tom Poung Campus TTP Primary Khmer Bookshelves 09/18/2025   DAW PZ7 FISBK03828 09/18/2025 1 09/18/2025 Khmer Books  
    Dewey Decimal Classification     Khmer-English Bilingual / ភាសាខ្មែរ-អង់គ្លេស Footprints International School Library Network Toul Tom Poung Campus Footprints International School Library Network Toul Tom Poung Campus TTP Primary Khmer Bookshelves 09/18/2025   DAW PZ7 FIS04315 09/18/2025 2 09/18/2025 Khmer Books  
    Dewey Decimal Classification     Khmer-English Bilingual / ភាសាខ្មែរ-អង់គ្លេស Footprints International School Library Network Toul Tom Poung Campus Footprints International School Library Network Toul Tom Poung Campus TTP Primary Khmer Bookshelves 09/18/2025   DAW PZ7 FIS05425 09/18/2025 3 09/18/2025 Khmer Books  
    Dewey Decimal Classification     Khmer-English Bilingual / ភាសាខ្មែរ-អង់គ្លេស Footprints International School Library Network Toul Tom Poung Campus Footprints International School Library Network Toul Tom Poung Campus TTP Primary Khmer Bookshelves 10/09/2025   DAW PZ7 FISBK03687 10/09/2025 4 10/09/2025 Khmer Books  
    Dewey Decimal Classification     Khmer-English Bilingual / ភាសាខ្មែរ-អង់គ្លេស Footprints International School Library Network Toul Tom Poung Campus Footprints International School Library Network Toul Tom Poung Campus TTP Primary Khmer Bookshelves 10/23/2025 1 DAW PZ7 2025-4729 03/31/2026 5 10/23/2025 Khmer Books 03/02/2026